| 000 | 00905cab a22002295a 4500 | ||
|---|---|---|---|
| 001 | L141608 | ||
| 008 | 071205e20071201xxk f 000 0 eng d | ||
| 035 | _a(Sirsi) u141608 | ||
| 041 | 0 | _aeng | |
| 100 | 1 | _aMartin, Ian | |
| 245 | 0 | 0 |
_aFocus _bWest Midlands |
| 260 | _c2007 | ||
| 490 |
_aEstates Gazette _v(0748) 1 December 2007, 121-135(8) |
||
| 520 | _aExamines the future of investment in the West Midlands. Reports that retail asset sales are declining to the unpredictability of the market. Office investment deals are progressing slowly due to the credit crunch and declining investor confidence. In the industrial investment sector, many agents believe activity will pick up early in the new year. | ||
| 590 | _aKA | ||
| 651 | 4 |
_aUnited Kingdom _y |
|
| 690 | _aPROPERTY-PROPERTY MARKET | ||
| 700 | 1 | _aRobson, Claire | |
| 700 | 1 | _aPilkington, Lisa | |
| 700 | 1 | _aHalstead, Ian | |
| 942 | _n0 | ||
| 999 |
_c79540 _d79540 |
||